<?xml version="1.0" encoding="UTF-8"?>
<collection xmlns:xsi="http://www.w3.org/2001/XMLSchema-instance" xsi:schemaLocation="http://www.loc.gov/MARC21/slim http://www.loc.gov/standards/marcxml/schema/MARC21slim.xsd" xmlns="http://www.loc.gov/MARC21/slim">
 <record>
  <leader>00000cam a22000004i 4500</leader>
  <controlfield tag="001">UP-99796217612497028</controlfield>
  <controlfield tag="003">Buklod</controlfield>
  <controlfield tag="005">20230503071510.0</controlfield>
  <controlfield tag="006">a     r    |||| u|</controlfield>
  <controlfield tag="007">ta</controlfield>
  <controlfield tag="008">141216s2015    enk     rb   |001 0|eng d</controlfield>
  <datafield tag="020" ind1=" " ind2=" ">
   <subfield code="a">9780199684229 (hbk.)</subfield>
  </datafield>
  <datafield tag="020" ind1=" " ind2=" ">
   <subfield code="a">0199684227 (hbk.)</subfield>
  </datafield>
  <datafield tag="035" ind1=" " ind2=" ">
   <subfield code="a">(iLib)UPD-00264107425</subfield>
  </datafield>
  <datafield tag="040" ind1=" " ind2=" ">
   <subfield code="a">DLC</subfield>
   <subfield code="d">DLAW</subfield>
   <subfield code="e">rda</subfield>
  </datafield>
  <datafield tag="041" ind1="0" ind2=" ">
   <subfield code="a">eng</subfield>
  </datafield>
  <datafield tag="090" ind1=" " ind2=" ">
   <subfield code="a">K3258</subfield>
   <subfield code="b">C47 2015</subfield>
  </datafield>
  <datafield tag="245" ind1="0" ind2="4">
   <subfield code="a">The changing nature of religious rights under international law</subfield>
   <subfield code="c">edited by Malcolm D. Evans, Peter Petkoff and Julian Rivers.</subfield>
  </datafield>
  <datafield tag="250" ind1=" " ind2=" ">
   <subfield code="a">First edition.</subfield>
  </datafield>
  <datafield tag="264" ind1=" " ind2="1">
   <subfield code="a">Oxford, United Kingdom</subfield>
   <subfield code="b">Oxford University Press</subfield>
   <subfield code="c">2015.</subfield>
  </datafield>
  <datafield tag="300" ind1=" " ind2=" ">
   <subfield code="a">xv, 327 pages</subfield>
   <subfield code="c">24 cm</subfield>
  </datafield>
  <datafield tag="336" ind1=" " ind2=" ">
   <subfield code="a">text</subfield>
   <subfield code="2">rdacontent</subfield>
  </datafield>
  <datafield tag="337" ind1=" " ind2=" ">
   <subfield code="a">unmediated</subfield>
   <subfield code="2">rdamedia</subfield>
  </datafield>
  <datafield tag="338" ind1=" " ind2=" ">
   <subfield code="a">volume</subfield>
   <subfield code="2">rdacarrier</subfield>
  </datafield>
  <datafield tag="338" ind1=" " ind2=" ">
   <subfield code="a">volume</subfield>
   <subfield code="2">rdacarrier</subfield>
  </datafield>
  <datafield tag="504" ind1=" " ind2=" ">
   <subfield code="a">Includes bibliographical references and index.</subfield>
  </datafield>
  <datafield tag="505" ind1="0" ind2="0">
   <subfield code="t">A view from the United States : US bilateral and multilateral promotion of freedom of religion or belief</subfield>
   <subfield code="t">Religious exceptionalism, religious rights, and public international law</subfield>
   <subfield code="t">Faith-based non-governmental organizations in the public square</subfield>
   <subfield code="t">The Holy See's understanding of religious freedom</subfield>
   <subfield code="t">The contribution of the European Parliament to the Protection of Freedom of Religion or Belief through the external relations of the European Union</subfield>
   <subfield code="t">Is religious freedom an &quot;orphaned&quot; right?</subfield>
   <subfield code="t">Old is new : Europe and freedom of religion or belief</subfield>
   <subfield code="t">Lost opportunities and missed targets : notes on freedom of religion or belief in the Organization of Security and Co-operation in Europe</subfield>
   <subfield code="t">Religion, human rights, and foreign policy</subfield>
   <subfield code="t">Incitement to hatred and the 1981 United Nations Declaration on Religion or Belief</subfield>
   <subfield code="t">The emergence of corporate religious freedom</subfield>
   <subfield code="t">Interpretation of the 1981 declaration through the mandate of practice of the United Nations Special Rapporteur on Freedom of Religion or Belief</subfield>
   <subfield code="t">Challenging conventional assumptions : the case for a preventive approach to the protection of freedom of religion or belief</subfield>
   <subfield code="t">Freedom of religion in transactional contract and commercial transactions</subfield>
   <subfield code="t">Privileging the &quot;homo religiosus&quot;? : towards a clear conceptualization of freedom of religion or belief</subfield>
   <subfield code="r">Gary Wilton --</subfield>
   <subfield code="r">Knox Thames --</subfield>
   <subfield code="r">David-Maria Jaeger --</subfield>
   <subfield code="r">Elizabeth A Clark and W Cole Durham, Jr. --</subfield>
   <subfield code="r">Peter Petkoff --</subfield>
   <subfield code="r">Ilias Bantekas.</subfield>
   <subfield code="r">Christopher McCrudden --</subfield>
   <subfield code="r">Cornelis (Dennis) de Jong --</subfield>
   <subfield code="r">Thomas M Krapf --</subfield>
   <subfield code="r">Elizabeth K Cassidy and Catherine Cosman --</subfield>
   <subfield code="r">Natan Lerner --</subfield>
   <subfield code="r">Michael Wiener --</subfield>
   <subfield code="r">Malcolm D. Evans --</subfield>
   <subfield code="r">Heiner Bielefeldt --</subfield>
   <subfield code="r">Mary Ann Glendon --</subfield>
  </datafield>
  <datafield tag="650" ind1=" " ind2="0">
   <subfield code="a">Freedom of religion (International law)</subfield>
  </datafield>
  <datafield tag="700" ind1="1" ind2=" ">
   <subfield code="a">Evans, Malcolm D.</subfield>
   <subfield code="d">1959-</subfield>
   <subfield code="e">editor.</subfield>
   <subfield code="q">(Malcolm David).</subfield>
  </datafield>
  <datafield tag="700" ind1="1" ind2=" ">
   <subfield code="a">Petkoff, Peter</subfield>
   <subfield code="e">editor.</subfield>
  </datafield>
  <datafield tag="700" ind1="1" ind2=" ">
   <subfield code="a">Rivers, Julian</subfield>
   <subfield code="e">editor.</subfield>
  </datafield>
  <datafield tag="842" ind1=" " ind2=" ">
   <subfield code="a">Book</subfield>
  </datafield>
  <datafield tag="856" ind1="4" ind2="1">
   <subfield code="u">http://www.loc.gov/catdir/toc/fy16pdf03/2014959428.html</subfield>
   <subfield code="3">Table of contents only</subfield>
  </datafield>
  <datafield tag="905" ind1=" " ind2=" ">
   <subfield code="a">FO</subfield>
  </datafield>
  <datafield tag="852" ind1="0" ind2=" ">
   <subfield code="a">UPD</subfield>
   <subfield code="b">DLAW</subfield>
   <subfield code="h">K3258 .C47 2015</subfield>
  </datafield>
  <datafield tag="942" ind1=" " ind2=" ">
   <subfield code="a">Book</subfield>
  </datafield>
 </record>
</collection>
